Palekh (Record no. 7856)

MARC details
000 -CABECERA
campo de control de longitud fija 00591nam a2200217 a 4500
001 - NÚMERO DE CONTROL
campo de control BRCA_8188
005 - FECHA Y HORA DE LA ÚLTIMA TRANSACCIÓN
campo de control 20190320210153.0
008 - DATOS DE LONGITUD FIJA--INFORMACIÓN GENERAL
campo de control de longitud fija 080514s1958----ru-a###f##---#000-0#rus-#
041 ## - CÓDIGO DE LENGUA
Código de lengua del texto/banda sonora o título independiente rus
044 ## - CÓDIGO DEL PAÍS DE LA ENTIDAD EDITORA/PRODUCTORA
Código MARC del país ru
050 #4 - SIGNATURA TOPOGRÁFICA DE LA BIBLIOTECA DEL CONGRESO
Número de clasificación ND697
Número de documento/Ítem .P35
-- 1958
245 10 - MENCIÓN DE TÍTULO
Título Palekh
Resto del título the art of soviet Palekh.
260 ## - PUBLICACIÓN, DISTRIBUCIÓN, ETC.
Lugar de publicación, distribución, etc. Moscú
Nombre del editor, distribuidor, etc. Soetsky
Fecha de publicación, distribución, etc. 1958
300 ## - DESCRIPCIÓN FÍSICA
Extensión 54 p.
Otras características físicas il. a color, 36 láminas
Dimensiones 38 cm.
500 ## - NOTA GENERAL
Nota general X101
650 14 - PUNTO DE ACCESO ADICIONAL DE MATERIA--TÉRMINO DE MATERIA
Término de materia o nombre geográfico como elemento de entrada Pintura
Subdivisión geográfica Rusia
9 (RLIN) 20407
650 14 - PUNTO DE ACCESO ADICIONAL DE MATERIA--TÉRMINO DE MATERIA
Término de materia o nombre geográfico como elemento de entrada Decoración y ornamentación
Subdivisión geográfica Rusia
9 (RLIN) 20408
651 #4 - PUNTO DE ACCESO ADICIONAL DE MATERIA--NOMBRE GEOGRÁFICO
Nombre geográfico Palekh, Rusia
Subdivisión de forma Artes decorativas
9 (RLIN) 20409
902 ## - CATALOGADOR
Iniciales GFM
942 ## - ELEMENTOS DE PUNTO DE ACCESO ADICIONAL (KOHA)
Fuente del sistema de clasificación o colocación Library of Congress Classification
Tipo de ítem Koha Libros
Holdings
Estado de retiro Estado de pérdida Estado dañado No para préstamo Localización permanente Ubicación/localización actual Fecha de adquisición Número de inventario Total de préstamos Signatura topográfica completa Código de barras Fecha visto por última vez Precio válido a partir de Tipo de ítem Koha
El ejemplar forma parte de la colección y puede ser consultado según las políticas vigentes.       Biblioteca del Museo Franz Mayer (Rogerio Casas-Alatriste) Biblioteca del Museo Franz Mayer (Rogerio Casas-Alatriste) 08/05/2014 X101   ND697 .P35 1958 (X101) 8812 22/03/2019 22/03/2019 Libros